| 000 | 01211nam a2200337Ia 4500 | ||
|---|---|---|---|
| 001 | Z_6443 | ||
| 003 | CHAP | ||
| 005 | 20231115193853.0 | ||
| 008 | 220113s2010 xx 000 0 und d | ||
| 010 | _a169702 | ||
| 040 | _cCHAP | ||
| 090 | _aTesis C33 2265 | ||
| 100 |
_aCabrera González, Alberto Fabián _916664 |
||
| 245 |
_aTamaño del folículo dominante y respuesta a la aplicación de prostanglandinas F2a en vacas holstein / _cAlberto Fabián, Cabrera González. |
||
| 260 |
_aMéxico : _bEl autor, _c2010 |
||
| 300 | _aCD | ||
| 502 | _aTesis (Ingeniero Agrónomo Especialista en Zootecnia) -- UACh, 2010 \ Dirección: Raymundo Rangel Santos; asesoría: Carlos Apodaca Sarabia y José Ayala Oseguera | ||
| 650 |
_aBovino _xRaza holstein _9144789 |
||
| 650 |
_aEpoca _9144794 |
||
| 650 |
_aFertilidad _9144042 |
||
| 650 |
_aGanado Bovino _9138033 |
||
| 700 |
_a Apodaca Sarabia, Carlos, asesor _9139207 |
||
| 700 |
_a Ayala Oseguera, José, asesor _9142549 |
||
| 700 |
_aRangel Santos, Raymundo, director _9139209 |
||
| 856 | 4 | 2 |
_uhttp://10.13.5.2/tesis/111576.pdf _yDescargar PDF |
| 901 | _aTESIS C33 2265 | ||
| 902 | _aM | ||
| 910 | _a2010 | ||
| 942 |
_c2 _2ddc |
||
| 942 |
_c2 _2ddc |
||
| 999 |
_c169702 _d169702 |
||